[Event "3rd EUR-ch (w)"]
[Site "Varna BUL"]
[Date "2002.05.31"]
[Round "5.44"]
[White "Andersson, Christin"]
[Black "Kharashkina, Bairta"]
[Result "1-0"]
[WhiteElo "2119"]
[BlackElo "2193"]
[EventDate "2002.05.27"]
[PlyCount "93"]

1.e4 c6 2.d4 d5 3.Nd2 dxe4 4.Nxe4 Nd7 5.Bc4 Ngf6 6.Nxf6+ Nxf6 7.Nf3 e6 8.
O-O Be7 9.c3 O-O 10.Re1 c5 11.Bf4 cxd4 12.Nxd4 Bd6 13.Bxd6 Qxd6 14.Qf3 Qb6
15.Bb3 Bd7 16.Qg3 Rac8 17.Re5 Rc5 18.Rae1 Rxe5 19.Qxe5 Rc8 20.h3 Rc5 21.
Qe3 Qc7 22.Nf3 Nd5 23.Qd4 b5 24.Ne5 Bc8 25.Nd3 Rc4 26.Bxc4 bxc4 27.Qxd5 
cxd3 28.Qxd3 Bb7 29.Rd1 Kf8 30.Qd8+ Qxd8 31.Rxd8+ Ke7 32.Rd1 h5 33.c4 a5 
34.c5 Bd5 35.a3 Kd7 36.b4 axb4 37.axb4 Kc6 38.f3 Kb5 39.Rxd5 exd5 40.Kf2 
d4 41.Ke2 Kc6 42.Kd2 g5 43.Kd3 Kd5 44.c6 Kxc6 45.Kxd4 Kb5 46.Ke5 Kxb4 47.
Kf5 1-0

[Event "3rd EUR-ch (w)"]
[Site "Varna BUL"]
[Date "2002.05.31"]
[Round "5.45"]
[White "Gasparian, Narine"]
[Black "Cavusoglu, Yildiz"]
[Result "1-0"]
[WhiteElo "2204"]
[BlackElo "2036"]
[EventDate "2002.05.27"]
[PlyCount "111"]

1.d4 d5 2.c4 e6 3.Nc3 Nf6 4.Bg5 Be7 5.e3 O-O 6.Nf3 h6 7.Bh4 b6 8.Rc1 Bb7 
9.cxd5 Nxd5 10.Bxe7 Qxe7 11.Bd3 Nd7 12.Nxd5 Bxd5 13.Rxc7 Rfc8 14.Rxc8+ 
Rxc8 15.O-O Bxa2 16.Qa4 Bd5 17.e4 Ba8 18.Qxa7 Qd8 19.Qa2 Nf6 20.Qb1 Qd7 
21.Re1 b5 22.b4 Ne8 23.Qa2 Nd6 24.h3 Qc6 25.Qd2 Qc3 26.Bb1 Qa3 27.e5 Ne8 
28.Be4 Bxe4 29.Rxe4 Qc1+ 30.Re1 Qxd2 31.Nxd2 Rc2 32.Ne4 Rc4 33.d5 exd5 34.
Nd6 Nc7 35.Nxc4 dxc4 36.Kf1 Nd5 37.Rb1 c3 38.Ke2 Kf8 39.Kd3 Ke7 40.g3 Ke6 
41.f4 g5 42.fxg5 hxg5 43.Re1 Nxb4+ 44.Kxc3 Nc6 45.h4 gxh4 46.gxh4 Nxe5 47.
Kd4 f6 48.Ke4 b4 49.h5 b3 50.Rb1 Ng4 51.Kf4 Nh6 52.Rxb3 Kf7 53.Ra3 Kf8 54.
Ra7 Nf7 55.Kf5 Kg8 56.Kxf6 1-0

[Event "3rd EUR-ch (w)"]
[Site "Varna BUL"]
[Date "2002.05.31"]
[Round "5.46"]
[White "Papadopoulou, Vera"]
[Black "Dimovski, Aleksandra"]
[Result "1-0"]
[WhiteElo "2170"]
[BlackElo "2114"]
[EventDate "2002.05.27"]
[PlyCount "75"]

1.d4 Nf6 2.c4 g6 3.Nc3 Bg7 4.e4 d6 5.Be2 O-O 6.Bg5 Na6 7.Qd2 Qe8 8.h4 e5 
9.d5 Nc5 10.Qc2 h6 11.Be3 a5 12.h5 g5 13.f3 g4 14.Nb5 Qe7 15.Qd2 Kh7 16.
Bd1 b6 17.b3 Rg8 18.Bc2 Bf8 19.Qf2 Ne8 20.Ne2 gxf3 21.gxf3 f5 22.exf5 Nf6 
23.O-O-O Ba6 24.Nbc3 Rb8 25.a4 Qf7 26.Ng3 Bg7 27.Rdg1 Rbf8 28.Nge4 Bc8 29.
Rg6 Qe7 30.Nxc5 dxc5 31.Qd2 e4 32.fxe4 Qe5 33.Bf4 Qd4 34.Qxd4 cxd4 35.Nb5 
Rf7 36.Nxd4 Nxe4 37.Bxe4 Bxd4 38.f6 1-0

[Event "3rd EUR-ch (w)"]
[Site "Varna BUL"]
[Date "2002.05.31"]
[Round "5.47"]
[White "Savova, Stefka"]
[Black "Raeva, Elitsa"]
[Result "1-0"]
[WhiteElo "2165"]
[BlackElo "2101"]
[EventDate "2002.05.27"]
[PlyCount "197"]

1.e4 c5 2.Nf3 Nc6 3.d4 cxd4 4.Nxd4 g6 5.Nc3 Bg7 6.Nde2 Nf6 7.g3 O-O 8.Bg2 
d6 9.O-O Ne5 10.h3 Nc4 11.b3 Nb6 12.Be3 Bd7 13.a4 Bc6 14.a5 Nbd7 15.Nd4 
Ne8 16.Qd2 Nc7 17.f4 Na6 18.Nce2 Ndc5 19.Nxc6 bxc6 20.Rab1 Nd7 21.Rfd1 Qc7
22.b4 Rab8 23.Bf2 Rb7 24.c3 Qc8 25.Qd3 Rc7 26.c4 Rb7 27.b5 Nac5 28.Qc2 
cxb5 29.cxb5 Qb8 30.Qc4 Rc7 31.e5 dxe5 32.Bc6 exf4 33.gxf4 Qc8 34.Bxc5 
Nxc5 35.Qxc5 Qxh3 36.Qf2 a6 37.Qg2 Qe3+ 38.Kf1 axb5 39.Rxb5 h5 40.Qf3 Qe6 
41.Rb6 Qf5 42.a6 Qa5 43.Rdb1 Bf6 44.Be4 Rd8 45.Rb8 Rd7 46.Rxd8+ Rxd8 47.
Bb7 Rd2 48.Qe3 Ra2 49.Rc1 Kg7 50.Rd1 h4 51.Qb3 Rb2 52.Qd5 Qa3 53.Qf3 Qa4 
54.Rc1 Ra2 55.Rb1 e6 56.Qb3 Qa5 57.Qb4 Qf5 58.Be4 Qh3+ 59.Bg2 Qd3 60.Qb5 
Qxb5 61.Rxb5 Rxa6 62.Rb7 Ra3 63.Rb1 e5 64.fxe5 Bxe5 65.Rb5 f6 66.Rc5 g5 
67.Be4 g4 68.Rb5 h3 69.Rb7+ Kf8 70.Rh7 f5 71.Bd5 h2 72.Rf7+ Ke8 73.Rxf5 
Bd6 74.Rh5 g3 75.Kg2 Rd3 76.Bf3 Re3 77.Nxg3 Bxg3 78.Kxg3 Ra3 79.Rxh2 Ke7 
80.Kf4 Kd6 81.Be4 Rc3 82.Rh6+ Kc5 83.Ke5 Re3 84.Rc6+ Kb5 85.Rc2 Re1 86.Kd4
Rd1+ 87.Bd3+ Kb6 88.Rc3 Rg1 89.Ke5 Rg5+ 90.Kd6 Rh5 91.Rb3+ Ka5 92.Bc4 Ka4 
93.Rb1 Ka3 94.Bd5 Rg5 95.Kc5 Rh5 96.Rb3+ Ka4 97.Rd3 Rg5 98.Rh3 Rf5 99.Rh2 
1-0

[Event "3rd EUR-ch (w)"]
[Site "Varna BUL"]
[Date "2002.05.31"]
[Round "5.48"]
[White "Milliet, Sophie"]
[Black "Doncheva, Marinela"]
[Result "1-0"]
[WhiteElo "2163"]
[BlackElo "2077"]
[EventDate "2002.05.27"]
[PlyCount "41"]

1.e4 c5 2.Nc3 d6 3.f4 g6 4.Nf3 Bg7 5.Bc4 e6 6.O-O Ne7 7.Qe1 O-O 8.d3 Nbc6 
9.f5 exf5 10.Qh4 Ne5 11.Bg5 N5c6 12.Nd5 Re8 13.Nf6+ Bxf6 14.Bxf6 h5 15.Qg5
Kh7 16.Bxf7 Rg8 17.Bxg8+ Kxg8 18.exf5 Qf8 19.Rae1 Kf7 20.Bxe7 Nxe7 21.
fxg6+ 1-0

[Event "3rd EUR-ch (w)"]
[Site "Varna BUL"]
[Date "2002.05.31"]
[Round "5.54"]
[White "Gjergji, Rozana"]
[Black "Lomakina, Galia"]
[Result "1/2-1/2"]
[WhiteElo "2029"]
[BlackElo "2142"]
[EventDate "2002.05.27"]
[PlyCount "136"]

1.e4 d6 2.d4 Nf6 3.Nc3 g6 4.Be3 Bg7 5.f3 c6 6.Qd2 b5 7.Bd3 Nbd7 8.Nge2 Bb7
9.O-O O-O 10.Ng3 a6 11.Nce2 e5 12.c3 exd4 13.cxd4 c5 14.b3 Rc8 15.Rac1 h5 
16.Nf4 h4 17.Nge2 g5 18.Nh3 g4 19.fxg4 Nxg4 20.Bg5 f6 21.Bxh4 Bh6 22.Nhf4 
cxd4 23.Rxc8 Bxc8 24.Qb4 Qe7 25.Qxd4 Qe5 26.Qd5+ Kh7 27.Qxe5 fxe5 28.Nd5 
Rxf1+ 29.Kxf1 Nxh2+ 30.Kf2 Nc5 31.Bb1 Ng4+ 32.Kf3 Bf8 33.b4 Na4 34.Bc2 Nb2
35.Nb6 Be6 36.Bb3 Nh2+ 37.Kf2 Bxb3 38.axb3 Nd3+ 39.Kg1 Ng4 40.Nd5 Kg6 41.
g3 Ngf2 42.Nec3 Nh3+ 43.Kg2 Ng5 44.Bxg5 Kxg5 45.Kf3 Nc1 46.Nc7 Bh6 47.Nxa6
Nxb3 48.Nxb5 Nd2+ 49.Ke3 Kg4+ 50.Kd3 d5 51.exd5 e4+ 52.Ke2 Kxg3 53.d6 Nf3 
54.d7 Bg5 55.Nc5 Be7 56.Nxe4+ Kg4 57.Nbd6 Ne5 58.Nc5 Nxd7 59.Nxd7 Bxd6 60.
b5 Kf5 61.Kd3 Ke6 62.Nb6 Bc7 63.Na4 Kd5 64.Kc3 Ba5+ 65.Kd3 Bc7 66.Kc3 Ba5+
67.Kb3 Kd4 68.Nb2 Kc5 1/2-1/2

[Event "3rd EUR-ch (w)"]
[Site "Varna BUL"]
[Date "2002.05.31"]
[Round "5.55"]
[White "Seps, Monika"]
[Black "Bratimirova, Dimitrinka"]
[Result "0-1"]
[WhiteElo "2095"]
[BlackElo "2076"]
[EventDate "2002.05.27"]
[PlyCount "110"]

1.e4 e5 2.Nf3 Nc6 3.d4 exd4 4.Nxd4 Bc5 5.Be3 Qf6 6.c3 Bb6 7.Bc4 Nge7 8.O-O
O-O 9.Bb3 a6 10.Na3 Ba7 11.Qd2 h6 12.f4 d6 13.Rae1 b5 14.e5 Qg6 15.Nxc6 
Bxe3+ 16.Rxe3 Nxc6 17.Rg3 Qf5 18.Bc2 Qe6 19.Qd3 g6 20.f5 Qxe5 21.fxg6 f5 
22.Bb3+ Kg7 23.Bd5 Bb7 24.Re3 Qf6 25.Qd2 Rae8 26.Rfe1 Re5 27.Rxe5 dxe5 28.
Qe3 e4 29.Nc2 Rd8 30.Bxc6 Bxc6 31.Nd4 Bd7 32.Qf4 c5 33.Nb3 c4 34.Nd4 Qg5 
35.Qd6 Qf6 36.Qc7 Kxg6 37.Re3 h5 38.Rg3+ Kh6 39.Qf4+ Kh7 40.Rg5 Be8 41.
Rxf5 Qh6 42.Qc7+ Rd7 43.Qe5 Qe3+ 44.Rf2 Qe1+ 45.Rf1 Qe3+ 46.Kh1 Bg6 47.Ne6
Qf2 48.Nf8+ Qxf8 49.Kg1 Rf7 50.Rd1 Qh6 51.Qd4 e3 52.Qe5 Qf4 53.Qxf4 Rxf4 
54.Re1 Re4 55.Kf1 Re6 0-1

[Event "3rd EUR-ch (w)"]
[Site "Varna BUL"]
[Date "2002.05.31"]
[Round "5.56"]
[White "Shtereva, Slaveja"]
[Black "Stoilkovska, Sanja"]
[Result "1-0"]
[WhiteElo "2071"]
[BlackElo "2049"]
[EventDate "2002.05.27"]
[PlyCount "85"]

1.e4 c5 2.Nf3 e6 3.d4 cxd4 4.Nxd4 a6 5.c4 Qc7 6.Be3 Nf6 7.Nc3 Bb4 8.Qc2 
Bxc3+ 9.bxc3 O-O 10.Bd3 Ng4 11.Bc1 Ne5 12.f4 Nxd3+ 13.Qxd3 d6 14.O-O Nd7 
15.Nc2 Nc5 16.Qe2 b6 17.f5 Qc6 18.Rf4 exf5 19.Nb4 Qe8 20.Nd5 Rb8 21.Be3 
Nxe4 22.Rh4 f6 23.Qf3 g5 24.Rh6 Qf7 25.Bd4 Qg7 26.Qh5 Be6 27.Rf1 Bxd5 28.
cxd5 Qd7 29.Rf3 Rb7 30.Re3 Qf7 31.Qh3 Qxd5 32.Qh5 Qf7 33.Qh3 Qd5 34.Qh5 
Qf7 35.Qh3 Qd7 36.Qh5 d5 37.Rxe4 fxe4 38.Bxf6 Rxf6 39.Rxf6 Qe7 40.Qxg5+ 
Kh8 41.Qf4 Qd7 42.Rf8+ Kg7 43.Qf6# 1-0

[Event "3rd EUR-ch (w)"]
[Site "Varna BUL"]
[Date "2002.06.01"]
[Round "6.2"]
[White "Dworakowska, Joanna"]
[Black "Kovalevskaya, Ekaterina"]
[Result "1/2-1/2"]
[WhiteElo "2445"]
[BlackElo "2482"]
[EventDate "2002.05.27"]
[PlyCount "52"]

1.e4 c5 2.Nf3 Nc6 3.d4 cxd4 4.Nxd4 e5 5.Nb5 d6 6.N1c3 a6 7.Na3 b5 8.Nd5 
Nf6 9.Nxf6+ Qxf6 10.c4 Nd4 11.Be3 d5 12.cxd5 Bb4+ 13.Bd2 Qh4 14.Bd3 Bg4 
15.Qc1 Bxa3 16.bxa3 Rc8 17.Qb1 Bf3 18.gxf3 Nxf3+ 19.Ke2 Nd4+ 20.Ke1 Nf3+ 
21.Ke2 Nxd2 22.Bxb5+ axb5 23.Qxb5+ Kd8 24.Qa5+ Kd7 25.Qb5+ Kd8 26.Qa5+ Kd7
1/2-1/2

[Event "3rd EUR-ch (w)"]
[Site "Varna BUL"]
[Date "2002.06.01"]
[Round "6.3"]
[White "Arakhamia-Grant, Ketevan"]
[Black "Hunt, Harriet"]
[Result "1/2-1/2"]
[WhiteElo "2425"]
[BlackElo "2415"]
[EventDate "2002.05.27"]
[PlyCount "67"]

1.e4 c5 2.Nf3 d6 3.d4 cxd4 4.Nxd4 Nf6 5.Nc3 a6 6.f4 g6 7.a4 Bg7 8.Bd3 O-O 
9.Nf3 Nc6 10.O-O Bg4 11.Qe1 Bxf3 12.Rxf3 e6 13.Kh1 Re8 14.Bd2 d5 15.e5 Nd7
16.Ne2 Nc5 17.c4 f6 18.exf6 Qxf6 19.Rb1 Nxd3 20.Rxd3 dxc4 21.Rd7 Re7 22.
Bc3 Qf7 23.Rxe7 Qxe7 24.Bxg7 Qxg7 25.Nc3 Re8 26.Rd1 e5 27.Qe4 Qf7 28.Nd5 
Kg7 29.Qxc4 exf4 30.Qc3+ Ne5 31.Nc7 Re7 32.Nd5 Re8 33.Nc7 Re7 34.Nd5 
1/2-1/2

[Event "3rd EUR-ch (w)"]
[Site "Varna BUL"]
[Date "2002.06.01"]
[Round "6.4"]
[White "Prudnikova, Svetlana"]
[Black "Kosintseva, Tatiana"]
[Result "0-1"]
[WhiteElo "2422"]
[BlackElo "2373"]
[EventDate "2002.05.27"]
[PlyCount "100"]

1.d4 f5 2.g3 Nf6 3.Bg2 g6 4.Nf3 Bg7 5.c4 O-O 6.O-O d6 7.Nc3 Qe8 8.d5 c5 9.
Qd3 Na6 10.a3 Nc7 11.Re1 h6 12.e4 fxe4 13.Nxe4 Qf7 14.Nc3 Bf5 15.Qe2 e6 
16.Bf4 e5 17.Be3 g5 18.Nd2 Qg6 19.f3 h5 20.Nde4 Bxe4 21.Nxe4 Nxe4 22.fxe4 
g4 23.Rf1 Bf6 24.b4 b6 25.Qd2 h4 26.gxh4 Bxh4 27.Rxf8+ Rxf8 28.bxc5 bxc5 
29.Rb1 Ne8 30.Rb7 Nf6 31.Qb2 g3 32.h3 Bg5 33.Rb3 Nh5 34.Bxg5 Qxg5 35.Bf3 
Qf4 36.Qe2 Nf6 37.Kg2 Qh4 38.Bg4 Nxd5 39.Be6+ Kh8 40.Qg4 Nf4+ 41.Kg1 Qxg4 
42.Bxg4 g2 43.Rb7 Kg8 44.Kh2 Rf7 45.Rxf7 Kxf7 46.Bf3 Nxh3 47.Bxg2 Nf4 48.
Bf1 Kf6 49.Bh3 Kg5 50.Bd7 Ne2 0-1

[Event "3rd EUR-ch (w)"]
[Site "Varna BUL"]
[Date "2002.06.01"]
[Round "6.5"]
[White "Sedina, Elena"]
[Black "Galliamova, Alisa"]
[Result "0-1"]
[WhiteElo "2407"]
[BlackElo "2500"]
[EventDate "2002.05.27"]
[PlyCount "214"]

1.e4 c5 2.Nf3 Nc6 3.Bb5 d6 4.O-O Bd7 5.Re1 Nf6 6.c3 a6 7.Bxc6 Bxc6 8.d4 
cxd4 9.cxd4 Bxe4 10.Nc3 d5 11.Bg5 e6 12.Nxe4 dxe4 13.Rxe4 Qd5 14.Re5 Qd7 
15.Bxf6 gxf6 16.Re2 Qd5 17.Rc1 Bh6 18.Rc5 Qxa2 19.d5 O-O 20.b4 Qa3 21.Qd4 
Rad8 22.d6 e5 23.Qg4+ Kh8 24.d7 Qd3 25.Re1 Rxd7 26.Nh4 Rg8 27.Qh5 Bg5 28.
Nf3 Bf4 29.g3 e4 30.Qh4 Rd6 31.Qxf4 exf3 32.h4 Qd2 33.Re3 Rgd8 34.Rxf3 
Qxf4 35.Rxf4 Kg7 36.Rcf5 Re8 37.Rg4+ Kh6 38.Rgf4 Kg6 39.h5+ Kg7 40.Rg4+ 
Kf8 41.Rgf4 Re5 42.Rxf6 Rxf6 43.Rxf6 Rxh5 44.Rb6 Rb5 45.Rxb5 axb5 46.Kg2 
Ke7 47.Kf3 Ke6 48.Ke4 f5+ 49.Kd4 Kd6 50.f3 Ke6 51.Kc5 Ke5 52.Kxb5 h5 53.
f4+ Ke4 54.Kb6 Kf3 55.Kxb7 Kxg3 56.b5 h4 57.b6 h3 58.Kc7 h2 59.b7 h1=Q 60.
b8=Q Qc1+ 61.Kd7 Qxf4 62.Qb3+ Kh4 63.Qb2 Qe4 64.Qf6+ Kg4 65.Qg6+ Kf3 66.
Qh5+ Ke3 67.Qh3+ Kd4 68.Qh8+ Qe5 69.Qh4+ f4 70.Kc8 Ke4 71.Kb7 Qc3 72.Qh7+ 
Ke3 73.Qe7+ Kf2 74.Qh4+ Qg3 75.Qf6 Qb3+ 76.Ka6 Qc4+ 77.Ka5 f3 78.Qb2+ Kg3 
79.Qe5+ Qf4 80.Qg7+ Qg4 81.Qc3 Kg2 82.Qc6 Qf5+ 83.Ka6 Kh3 84.Qc3 Qg6+ 85.
Ka7 Kg2 86.Qd2+ f2 87.Qd5+ Kg1 88.Qd4 Qg3 89.Ka6 Kh2 90.Qd2 Qg6+ 91.Ka7 
Qf6 92.Kb8 Kg1 93.Qe3 Kg2 94.Qe4+ Qf3 95.Qc2 Kh1 96.Qh7+ Kg1 97.Qg7+ Qg2 
98.Qd4 Qg3+ 99.Ka7 Kh2 100.Qd2 Kh1 101.Qd5+ Kg1 102.Qd4 Qg5 103.Ka6 Qg6+ 
104.Ka7 Qf5 105.Qe3 Kg2 106.Qd2 Qc5+ 107.Ka6 Kg1 0-1

[Event "3rd EUR-ch (w)"]
[Site "Varna BUL"]
[Date "2002.06.01"]
[Round "6.8"]
[White "Lomineishvili, Maia"]
[Black "Khurtsidze, Nino"]
[Result "0-1"]
[WhiteElo "2370"]
[BlackElo "2446"]
[EventDate "2002.05.27"]
[PlyCount "112"]

1.d4 d5 2.c4 e6 3.Nc3 Be7 4.Nf3 Nf6 5.Bg5 O-O 6.e3 h6 7.Bh4 b6 8.Bd3 Bb7 
9.O-O Nbd7 10.Qe2 c5 11.Bg3 Ne4 12.cxd5 exd5 13.Rac1 Ndf6 14.Rfd1 Qc8 15.
dxc5 bxc5 16.b4 Nxg3 17.hxg3 c4 18.Bb1 Bxb4 19.Nd4 Rd8 20.Ncb5 a6 21.Bf5 
Qc5 22.Nc3 Qa5 23.Qc2 Rab8 24.Nce2 Ba8 25.Nf4 Rd6 26.g4 Ba3 27.Rb1 Rdb6 
28.Rxb6 Rxb6 29.Rb1 Bb7 30.Nh5 Nxh5 31.gxh5 Rxb1+ 32.Qxb1 Qb4 33.Bh7+ Kh8 
34.Qf5 Qe7 35.Qc2 Bc5 36.Nf3 Bc8 37.Bf5 Bxf5 38.Qxf5 Qe6 39.Qb1 Qb6 40.Qf5
Qe6 41.Qb1 Kg8 42.Qb8+ Bf8 43.Ne5 Qd6 44.Qe8 Qe7 45.Qb8 Qb4 46.Qe8 Qe1+ 
47.Kh2 Qxf2 48.Nd7 Qh4+ 49.Kg1 Qe7 50.Qc8 Qxe3+ 51.Kh1 Qe1+ 52.Kh2 Qe7 53.
Nxf8 Qxf8 54.Qxa6 Qb8+ 55.Kg1 Qb1+ 56.Kh2 Qf5 0-1

[Event "3rd EUR-ch (w)"]
[Site "Varna BUL"]
[Date "2002.06.01"]
[Round "6.9"]
[White "Matveeva, Svetlana"]
[Black "Repkova, Eva"]
[Result "1-0"]
[WhiteElo "2437"]
[BlackElo "2345"]
[EventDate "2002.05.27"]
[PlyCount "55"]

1.d4 Nf6 2.c4 c5 3.d5 b5 4.Nf3 Bb7 5.a4 bxc4 6.Nc3 d6 7.e4 g6 8.a5 Na6 9.
Bxc4 Bg7 10.O-O O-O 11.Bf4 Nh5 12.Be3 Qc8 13.Qe2 f5 14.e5 dxe5 15.d6+ Kh8 
16.dxe7 Re8 17.Bg5 e4 18.Nh4 Nf6 19.Nb5 Qb8 20.Rfd1 Rxe7 21.Nd6 Nb4 22.Qe3
Nc2 23.Qh3 Nh5 24.Bxe7 Bd4 25.Nhxf5 Nxa1 26.Nf7+ Kg8 27.Ne5+ Kh8 28.Bf6+ 
1-0

[Event "3rd EUR-ch (w)"]
[Site "Varna BUL"]
[Date "2002.06.01"]
[Round "6.10"]
[White "Koskoska, Gabriela"]
[Black "Zhukova, Natalia"]
[Result "0-1"]
[WhiteElo "2229"]
[BlackElo "2425"]
[EventDate "2002.05.27"]
[PlyCount "122"]

1.e4 e6 2.d3 c5 3.Nf3 Nc6 4.g3 Nge7 5.Bg2 g6 6.O-O Bg7 7.c3 e5 8.a3 d6 9.
b4 a6 10.Be3 b6 11.Nbd2 O-O 12.Rb1 h6 13.Ne1 Kh7 14.Qc1 Be6 15.f4 exf4 16.
Bxf4 cxb4 17.axb4 d5 18.Ndf3 dxe4 19.dxe4 Qc8 20.Be3 b5 21.Nc2 Bh3 22.Ncd4
Bxg2 23.Kxg2 Qb7 24.Qc2 Rac8 25.Kg1 Nxd4 26.Bxd4 Rc4 27.Bxg7 Kxg7 28.Nd2 
Rc7 29.Nb3 Qb6+ 30.Kg2 Nc6 31.Qf2 Qxf2+ 32.Rxf2 Ne5 33.Nc5 a5 34.Rd2 a4 
35.Rd6 Nc4 36.Rd4 a3 37.Kf2 Re7 38.Ra1 f5 39.Ke2 f4 40.gxf4 Rxf4 41.Rxc4 
bxc4 42.Ke3 Rh4 43.Ra2 Ra7 44.Kd4 Rxh2 45.Rxh2 a2 46.Rxa2 Rxa2 47.Kxc4 h5 
48.b5 h4 49.b6 Ra8 50.Nd3 h3 51.Nf2 h2 52.Kc5 Rc8+ 53.Kd6 Rxc3 54.b7 Rb3 
55.Kc7 g5 56.b8=Q Rxb8 57.Kxb8 g4 58.Nh1 Kf6 59.Kc7 Ke5 60.Kd7 Kxe4 61.Ke6
Kf4 0-1

[Event "3rd EUR-ch (w)"]
[Site "Varna BUL"]
[Date "2002.06.01"]
[Round "6.11"]
[White "Gaponenko, Inna"]
[Black "Sarakauskiene, Zivile"]
[Result "1-0"]
[WhiteElo "2418"]
[BlackElo "2105"]
[EventDate "2002.05.27"]
[PlyCount "72"]

1.e4 c5 2.Nf3 e6 3.d4 cxd4 4.Nxd4 a6 5.Nc3 Qc7 6.Bd3 Nc6 7.Be3 Nf6 8.O-O 
Ne5 9.h3 Bb4 10.f4 Nc4 11.Bxc4 Qxc4 12.Qd3 b5 13.a4 Bxc3 14.bxc3 Qxd3 15.
cxd3 bxa4 16.Rfb1 d6 17.Rxa4 O-O 18.Ra5 h6 19.c4 Kh7 20.Kf2 Ne8 21.Rb6 f6 
22.Nb5 d5 23.c5 dxe4 24.dxe4 Rf7 25.c6 Nc7 26.Nxc7 Rxc7 27.Bc5 g6 28.Bd6 
Rg7 29.g4 f5 30.c7 Rg8 31.gxf5 gxf5 32.exf5 exf5 33.Be7 Bd7 34.Bd8 Kg7 35.
Rd5 Rgxd8 36.cxd8=Q Rxd8 1-0

[Event "3rd EUR-ch (w)"]
[Site "Varna BUL"]
[Date "2002.06.01"]
[Round "6.12"]
[White "Alexandrova, Olga"]
[Black "Slavina, Irina"]
[Result "1-0"]
[WhiteElo "2413"]
[BlackElo "2370"]
[EventDate "2002.05.27"]
[PlyCount "113"]

1.d4 e6 2.Nf3 c5 3.e3 Nf6 4.Bd3 b6 5.O-O Bb7 6.c4 Be7 7.Nc3 O-O 8.d5 exd5 
9.cxd5 d6 10.e4 Na6 11.Re1 Nc7 12.h3 a6 13.a4 Rb8 14.Rb1 Re8 15.Be3 Bf8 
16.Bg5 h6 17.Bf4 Nd7 18.Bg3 Kh8 19.e5 dxe5 20.Nxe5 Nxe5 21.Rxe5 Rxe5 22.
Bxe5 Bd6 23.Qh5 Bxe5 24.Qxe5 Nxd5 25.Nxd5 Bxd5 26.Qf5 g6 27.Qe5+ Kg8 28.
Bxg6 Ba2 29.Ra1 fxg6 30.Rxa2 Qd1+ 31.Kh2 Rf8 32.Ra3 Rxf2 33.Rg3 Qc2 34.
Qd5+ Kg7 35.Qb7+ Rf7 36.Qxb6 g5 37.b3 Qc1 38.Qxa6 Rf1 39.Qb7+ Kg8 40.Qc8+ 
Kg7 41.Qd7+ Kg6 42.Qe8+ Kg7 43.Re3 Rf7 44.Qe5+ Kh7 45.Rc3 Qb2 46.Qxc5 g4 
47.hxg4 Qe2 48.Rg3 Qe4 49.a5 Rf1 50.Qe3 Qg6 51.Qd3 Ra1 52.b4 Rb1 53.Qd7+ 
Kg8 54.Re3 Rf1 55.Re8+ Rf8 56.Rxf8+ Kxf8 57.Qf5+ 1-0

[Event "3rd EUR-ch (w)"]
[Site "Varna BUL"]
[Date "2002.06.01"]
[Round "6.13"]
[White "Nepeina-Leconte, Maria"]
[Black "Danielian, Elina"]
[Result "1/2-1/2"]
[WhiteElo "2308"]
[BlackElo "2411"]
[EventDate "2002.05.27"]
[PlyCount "59"]

1.e4 e6 2.d4 d5 3.Nc3 dxe4 4.Nxe4 Nd7 5.Nf3 Ngf6 6.Nxf6+ Nxf6 7.Bd3 c5 8.
O-O cxd4 9.Nxd4 Be7 10.Re1 O-O 11.c3 Re8 12.Bf4 Bd7 13.Qb3 Qc8 14.Bc4 Bf8 
15.h3 a6 16.a4 Bc6 17.Nxc6 bxc6 18.a5 Nd5 19.Bg3 Rd8 20.Be2 Ra7 21.Qc4 c5 
22.Ra2 g6 23.Be5 Bd6 24.Bxd6 Rxd6 25.h4 h5 26.Bf3 Rad7 27.Re5 Qc7 28.g3 
Kg7 29.Ra4 Qb8 30.Ra2 1/2-1/2

[Event "3rd EUR-ch (w)"]
[Site "Varna BUL"]
[Date "2002.06.01"]
[Round "6.15"]
[White "Zakurdyaeva, Irina"]
[Black "Kachiani-Gersinska, Ketino"]
[Result "0-1"]
[WhiteElo "2318"]
[BlackElo "2465"]
[EventDate "2002.05.27"]
[PlyCount "103"]

1.e4 c6 2.d4 d5 3.Nc3 dxe4 4.Nxe4 Bf5 5.Ng3 Bg6 6.Nf3 Nd7 7.h4 h6 8.h5 Bh7
9.Bd3 Bxd3 10.Qxd3 e6 11.Bf4 Qa5+ 12.Bd2 Qc7 13.O-O-O Ngf6 14.c4 b5 15.
cxb5 cxb5+ 16.Kb1 Bd6 17.Ne4 Nxe4 18.Qxe4 O-O 19.Rc1 Nf6 20.Qe2 Qb7 21.
Rce1 Rac8 22.g4 Qd5 23.g5 hxg5 24.Nxg5 Qf5+ 25.Ka1 Rc2 26.h6 g6 27.h7+ Kh8
28.Rc1 Rxc1+ 29.Rxc1 Kg7 30.f3 Rh8 31.Ne4 Bf4 32.Rc5 Nd5 33.Qxb5 Rxh7 34.
Rc1 Bxd2 35.Nxd2 Rh2 36.Nc4 Qxf3 37.Ne5 Rh1 38.Qc4 Qd1 39.Kb1 Qxc1+ 40.
Qxc1 Rxc1+ 41.Kxc1 g5 42.Kd2 f5 43.Nc6 a6 44.b4 g4 45.a4 f4 46.b5 axb5 47.
axb5 Kf6 48.Ne5 Kf5 49.Nc4 g3 50.Ke1 Kg4 51.b6 Nxb6 52.Nxb6 0-1

[Event "3rd EUR-ch (w)"]
[Site "Varna BUL"]
[Date "2002.06.01"]
[Round "6.16"]
[White "Djingarova, Emilia"]
[Black "Vasylevich, Tatiana"]
[Result "0-1"]
[WhiteElo "2315"]
[BlackElo "2421"]
[EventDate "2002.05.27"]
[PlyCount "80"]

1.e4 c5 2.Nf3 e6 3.d4 cxd4 4.Nxd4 a6 5.Nc3 b5 6.a3 Bb7 7.Bd3 Qb6 8.Nb3 Qc7
9.O-O Nf6 10.Qe2 d6 11.Bd2 Nbd7 12.a4 b4 13.Na2 d5 14.exd5 Nxd5 15.f4 Bd6 
16.Kh1 O-O 17.Qf2 N7f6 18.c4 bxc3 19.Rac1 Qe7 20.Nxc3 Rab8 21.Na5 Ba8 22.
Nc4 Bc5 23.Qg3 Rfd8 24.Rce1 Nb4 25.Bb1 Qc7 26.Bc1 Bd4 27.Ne5 Nbd5 28.Nxd5 
Bxd5 29.Ng4 Nxg4 30.Qxg4 Bxb2 31.f5 exf5 32.Bxf5 Bxc1 33.Rxc1 Qa5 34.Rf2 
g6 35.Rcf1 Rb4 36.Qg3 Rxa4 37.h4 Ra1 38.h5 Rxf1+ 39.Rxf1 Qb5 40.Rb1 Bxg2+ 
0-1

[Event "3rd EUR-ch (w)"]
[Site "Varna BUL"]
[Date "2002.06.01"]
[Round "6.17"]
[White "Mashinskaya, Yulia"]
[Black "Ovod, Evgenia"]
[Result "1/2-1/2"]
[WhiteElo "2300"]
[BlackElo "2379"]
[EventDate "2002.05.27"]
[PlyCount "64"]

1.Nf3 d5 2.e3 Nf6 3.c4 c6 4.b3 Bg4 5.Bb2 Nbd7 6.Be2 e6 7.O-O Bd6 8.d3 O-O 
9.Nbd2 Qe7 10.e4 dxe4 11.Nxe4 Nxe4 12.dxe4 Bxf3 13.Bxf3 e5 14.Qc2 Rfd8 15.
Rad1 Bc5 16.Rd3 Nf8 17.Rfd1 Rxd3 18.Rxd3 f6 19.Bg4 Kf7 20.Qd2 a5 21.Bc3 
Bb4 22.a4 Bxc3 23.Qxc3 Qc5 24.Qd2 Ke7 25.g3 Qb4 26.Qd1 Rb8 27.h4 b5 28.
cxb5 cxb5 29.axb5 Qxb5 30.Rd5 Qb4 31.Qd3 Kf7 32.h5 Qxb3 1/2-1/2

[Event "3rd EUR-ch (w)"]
[Site "Varna BUL"]
[Date "2002.06.01"]
[Round "6.19"]
[White "Shumiakina, Tatiana"]
[Black "Khasanova, Elmira"]
[Result "1/2-1/2"]
[WhiteElo "2366"]
[BlackElo "2256"]
[EventDate "2002.05.27"]
[PlyCount "51"]

1.d4 Nf6 2.g3 e6 3.Bg2 c5 4.Nf3 cxd4 5.O-O d5 6.Nxd4 e5 7.Nb3 Nc6 8.Bg5 
Be6 9.Nc3 e4 10.f4 exf3 11.Bxf3 Be7 12.Bxf6 Bxf6 13.Bxd5 Qb6+ 14.Kh1 Rd8 
15.e4 O-O 16.Qh5 g6 17.Qf3 Bxc3 18.bxc3 Ne5 19.Qf2 Qxf2 20.Rxf2 Bxd5 21.
exd5 Rxd5 22.Re1 Rc8 23.Rfe2 Nf3 24.Re8+ Rxe8 25.Rxe8+ Kg7 26.Kg2 1/2-1/2

[Event "3rd EUR-ch (w)"]
[Site "Varna BUL"]
[Date "2002.06.01"]
[Round "6.20"]
[White "Lallemand, Roza"]
[Black "Zimina, Olga"]
[Result "1/2-1/2"]
[WhiteElo "2300"]
[BlackElo "2360"]
[EventDate "2002.05.27"]
[PlyCount "42"]

1.e4 c6 2.d4 d5 3.Nd2 dxe4 4.Nxe4 Bf5 5.Ng3 Bg6 6.h4 h6 7.Nf3 Nd7 8.Bd3 
Bxd3 9.Qxd3 e6 10.Bf4 Qa5+ 11.Bd2 Qc7 12.O-O-O Ngf6 13.Kb1 O-O-O 14.c4 c5 
15.Qe2 cxd4 16.Nxd4 Qe5 17.Be3 Bc5 18.Qf3 Qb8 19.Nc6 bxc6 20.Bxc5 Nxc5 21.
Qxc6+ Qc7 1/2-1/2

[Event "3rd EUR-ch (w)"]
[Site "Varna BUL"]
[Date "2002.06.01"]
[Round "6.22"]
[White "Kosintseva, Nadezhda"]
[Black "Schuurman, Petra"]
[Result "1-0"]
[WhiteElo "2336"]
[BlackElo "2283"]
[EventDate "2002.05.27"]
[PlyCount "79"]

1.e4 c6 2.d4 d5 3.exd5 cxd5 4.c4 Nf6 5.Nc3 g6 6.cxd5 Bg7 7.Bc4 O-O 8.Nge2 
Nbd7 9.Bb3 Nb6 10.Nf4 Bg4 11.f3 Bf5 12.g4 Bc8 13.h4 Qd6 14.Qe2 Re8 15.Kf1 
e5 16.dxe6 Bxe6 17.Nxe6 fxe6 18.h5 Re7 19.hxg6 hxg6 20.Qd3 Qc6 21.Kg2 Qe8 
22.Bg5 Rd8 23.Rae1 Qf7 24.Bc2 a6 25.Qxg6 Qxg6 26.Bxg6 Rxd4 27.Be3 Rb4 28.
Bc5 Rxb2+ 29.Re2 Rxe2+ 30.Nxe2 Rd7 31.Bxb6 Rd2 32.Kf2 Nd5 33.Be3 Rxa2 34.
Rc1 Nc3 35.Kf1 Rxe2 36.Rxc3 Bxc3 37.Kxe2 Kg7 38.Be4 b5 39.Bb7 a5 40.Bd2 
1-0

[Event "3rd EUR-ch (w)"]
[Site "Varna BUL"]
[Date "2002.06.01"]
[Round "6.23"]
[White "Krivec, Jana"]
[Black "Aleksieva, Silvia"]
[Result "0-1"]
[WhiteElo "2271"]
[BlackElo "2334"]
[EventDate "2002.05.27"]
[PlyCount "84"]

1.e4 c5 2.Nf3 Nc6 3.d4 cxd4 4.Nxd4 g6 5.Nc3 Bg7 6.Nb3 Nf6 7.Be2 O-O 8.O-O 
d6 9.Bg5 Be6 10.f4 b5 11.Bf3 Nd7 12.e5 dxe5 13.Bxc6 Qb6+ 14.Kh1 Qxc6 15.
fxe5 Bxe5 16.Nd4 Qc4 17.Ncxb5 Nf6 18.c3 Bd5 19.Qe1 Ne4 20.Bxe7 Rfe8 21.Qh4
a6 22.Na3 Qc7 23.Bg5 Rab8 24.Bc1 Rb6 25.Nf3 Bg7 26.Nc2 Ba8 27.Ncd4 a5 28.
Bf4 Qc8 29.Bc1 a4 30.a3 Qa6 31.Re1 Bf6 32.Bg5 Bxd4 33.cxd4 Rxb2 34.Bf4 f6 
35.Rac1 Rc8 36.Kg1 Rbc2 37.Qh6 Rxc1 38.Bxc1 Qd3 39.Qh3 Rxc1 40.Qe6+ Kf8 
41.Rxc1 Qe3+ 42.Kf1 Qf2# 0-1

[Event "3rd EUR-ch (w)"]
[Site "Varna BUL"]
[Date "2002.06.01"]
[Round "6.24"]
[White "Richards, Heather"]
[Black "Jackova, Jana"]
[Result "0-1"]
[WhiteElo "2252"]
[BlackElo "2325"]
[EventDate "2002.05.27"]
[PlyCount "76"]

1.e4 e5 2.Nc3 Nf6 3.g3 d5 4.exd5 Nxd5 5.Bg2 Nxc3 6.bxc3 Bc5 7.Nf3 Bg4 8.
O-O O-O 9.h3 Bh5 10.Rb1 Bb6 11.d3 Nc6 12.g4 Bg6 13.Nd2 f5 14.gxf5 Rxf5 15.
Ne4 Bh5 16.Qe1 Qh4 17.Be3 Bf3 18.Ng3 Rf7 19.Qd2 Raf8 20.c4 Bxe3 21.Qxe3 
Nd4 22.c3 Ne6 23.Ne4 b6 24.c5 Rf4 25.cxb6 axb6 26.Nd2 Bxg2 27.Kxg2 Qg5+ 
28.Qg3 Qf5 29.Ne4 Rf3 30.Qg4 Rxd3 31.Qxf5 Rxf5 32.f3 Nf4+ 33.Kh2 Rh5 34.
Rb5 Re3 35.Kg3 Re2 36.Nf2 Rg5+ 37.Kh4 Rg2 38.Ng4 h6 0-1